| 000 | 00944cam a2200289 4500 | ||
|---|---|---|---|
| 008 | 090401t1991 xxu||||| |||| 00| 0 eng d | ||
| 020 | _a0854064990 | ||
| 035 | _a(Sirsi) u53415 | ||
| 041 | _aeng | ||
| 050 |
_a711.1 _c18 |
||
| 090 | _aRICS 1991/54ABCD | ||
| 110 |
_aRoyal Institution of Chartered Surveyors _bPlanning and Development Division _9956 |
||
| 245 | _aEnvironmental assessment | ||
| 260 |
_aLondon _bRICS _c1991 |
||
| 300 |
_a8p. _c30cm |
||
| 490 | _aRICS Planning and Development Guidance Note | ||
| 520 | _aSuperseded by second edition (ISBN 0854064990) | ||
| 650 | _aTOWN AND COUNTRY PLANNING (ASSESSMENT OF ENVIRONMENTAL EFFECTS) REGULATIONS 1988 | ||
| 650 | _aPLANNING APPLICATIONS | ||
| 650 | _aPROPERTY DEVELOPMENT | ||
| 650 | _aRICS | ||
| 690 | _aPROPERTY-PROPERTY DEVELOPMENT | ||
| 690 | _aENVIRONMENTAL AND LAND CONSULTANCY | ||
| 690 | _aPLANNING LAW AND PRACTICE | ||
| 942 | _n0 | ||
| 948 | _c04/03/1997 | ||
| 999 |
_c93265 _d93265 |
||